Statistics for Pixar Movies

Click here to take the quiz!

General Stats

  • This quiz has been taken 32 times
    (13 since last reset)
  • The average score is 17 of 18

Answer Stats

YearAnswer% Correct
2012Brave
100%
2006Cars
100%
2011Cars 2
100%
2016Finding Dory
100%
2003Finding Nemo
100%
2015Inside Out
100%
1995Toy Story
100%
1999Toy Story 2
100%
2010Toy Story 3
100%
2009Up
100%
2008WALL-E
100%
1998A Bug's Life
91%
2001Monsters Inc
91%
2013Monsters Univeristy
91%
2004The Incredibles
91%
2017Cars 3
82%
2007Ratatouille
82%
2015The Good Dinosaur
64%

Score Distribution

Percentile by Number Answered

Percent of People with Each Score

Your Score History

You have not taken this quiz since the last reset